Cleveland Guardians All-Time Team - Statistics

General Stats
  • This quiz has been taken 33 times
  • The average score is 4 of 10
Answer Stats
Nickname Player % Correct
First Base Jim Thome
92%
Catcher Sandy Alomar Jr.
73%
Starting Pitcher Bob Feller
69%
Center Field Kenny Lofton
46%
Second Base Carlos Baerga
27%
Right Field Manny Ramirez
27%
Shortstop Lou Boudreau
23%
Third Base Al Rosen
8%
Left Field Larry Doby
8%
Relief Pitcher Mike Jackson
0%
No matching quizzes found
Score Distribution
Percent of People with Each Score
Percentile by Number Answered
Your Score History
You have not taken this quiz